MARC

LEADER 00000nam a2200000 a 4500
001 vtls001493942
003 SK-MaSNL
005 20260301204054.0
008 240314s1960 xr e 000 0 eng
040 |a SNK  |b slo  |c SNK  |e AACR2 
041 0 |a cze 
044 |a xr  |c CZ 
072 7 |a 821.162.3.09  |x Česká literatúra (o nej)  |2 konspekt 
080 |a 821.162.3-055.2  |2 2011 
080 |a (0:82-6)  |2 2011 
100 1 |a Němcová, Božena,  |d 1820-1862  |4 aut  |9 85909 
245 1 0 |a Listy  |n III  |p 1857-1858  |c Božena Němcová 
246 3 0 |a 1857-1858 
250 |a Vyd. 1. 
260 |a Praha  |b Státní nakladatelství krásné literatury, hudby a umění  |c 1960 
300 |a 369 s.  |c 21 cm 
490 1 |a Knihovna klasiků 
490 1 |a Spisy Boženy Němcové  |v svazek 14 
500 |a Viazaná 
600 1 7 |a Němcová, Božena,  |d 1820-1862  |2 SNKMA  |9 85909 
648 7 |a 1857-1858  |2 SNKPH  |9 588381 
650 0 7 |a české spisovateľky  |2 SNKPH  |9 93383 
650 0 7 |a Czech women authors  |2 SNKPHeng  |9 356713 
655 7 |a korešpondencia  |2 SNKPH  |9 60843 
655 7 |a Correspondence  |2 SNKPHeng  |9 279019 
800 1 |a Němcová, Božena,  |d 1820-1862  |t Spisy  |9 407451 
830 0 |a Knihovna klasiků  |9 294343 
852 |a Štátna vedecká knižnica v Banskej Bystrici 
999 |c 905021  |d 906951 
952 |a SNK  |b SNK  |y NEVYP  |7 0  |p 17A0565686  |o snkIC 8130/14  |i snkKIP 6757/60  |3 rekatalogizácia  |0 0  |1 0  |4 0  |d 2007-11-15  |l 0  |r 2026-02-24 07:26:00  |w 2026-02-24 
952 |a SNK  |b SNK  |y VYP  |7 0  |p 17A0351562  |o snkIC 8130/14 D1  |i snkKIP 6758/60  |3 rekatalogizácia  |0 0  |1 1  |4 0  |d 2005-02-15  |l 0  |r 2026-02-24 07:26:00  |w 2026-02-24